El sindicalismo bajo el gobierno de Lula /
Gespeichert in:
| 1. Verfasser: | |
|---|---|
| Weitere Verfasser: | |
| Format: | Text |
| Schlagworte: | |
| Tags: |
Tag hinzufügen
Keine Tags, Fügen Sie den ersten Tag hinzu!
|
MARC
| LEADER | 00000 a a2200000 04500 | ||
|---|---|---|---|
| 001 | 10878 | ||
| 003 | |||
| 040 | |||
| 100 | |a Radermacher, Reiner | ||
| 245 | |a El sindicalismo bajo el gobierno de Lula / |c Reiner Radermacher ; Waldeli Melleiro | ||
| 650 | |a SINDICALISMO | ||
| 650 | |a MOVIMIENTOS SOCIALES | ||
| 650 | |a DEMOCRACIA | ||
| 650 | |a BRASIL | ||
| 700 | |a Melleiro, Waldeli | ||
| 773 | |g número 211; páginas 124-142 | ||
| 999 | |c 36467 |d 36467 | ||
